[Event "TCh-HUN 2010-11"]
[Site "Szombathely HUN"]
[Date "2011.05.15"]
[Round "11"]
[White "Palotai,P"]
[Black "Ruck,T"]
[Result "0-1"]
[WhiteElo "2090"]
[BlackElo "2298"]

1.Nf3 c5 2.c4 Nf6 3.Nc3 b6 4.g3 Bb7 5.Bg2 g6 6.O-O Bg7 7.d3 O-O 8.Rb1 d5
9.cxd5 Nxd5 10.Nxd5 Bxd5 11.Qa4 a6 12.b3 e5 13.Qh4 f6 14.Bh6 Nc6 15.Rfd1 Ra7
16.Bxg7 Kxg7 17.g4 Raf7 18.Qg3 Re7 19.Nd2 Nd4 20.Kf1 Kh8 21.Bxd5 Qxd5 22.e4 Qe6
23.Nf3 Nc6 24.a3 a5 25.Kg2 Rd8 26.h4 Red7 27.Ne1 Nd4 28.b4 cxb4 29.axb4 Ne2
30.Qf3 Nc3 31.b5 Kg7 32.Rbc1 Nxb5 33.h5 Nd4 34.Qe3 Qxg4+ 35.Qg3 Qxh5 36.Rd2  0-1

[Event "zt 2.5"]
[Site "Asuncion PAR"]
[Date "2011.05.20"]
[Round "5"]
[White "Valdes Escobar,A"]
[Black "Flores,Di"]
[Result "0-1"]
[WhiteElo "2419"]
[BlackElo "2611"]

1.Nf3 Nf6 2.c4 e6 3.Nc3 c5 4.d4 cxd4 5.Nxd4 a6 6.a3 Qc7 7.e4 b6 8.Be3 Bb7
9.f3 Be7 10.Qd2 O-O 11.Be2 Nc6 12.O-O Bd6 13.g3 Be7 14.Rac1 Ne5 15.Na4 d6
16.b4 Ned7 17.Rc2 Rac8 18.Rb1 Qb8 19.Bf1 Ba8 20.Bf2 Ne5 21.Qe2 b5 22.Nb2 g5
23.Bg2 g4 24.f4 Nxc4 25.Nxc4 bxc4 26.Rbc1 h5 27.Rxc4 Rxc4 28.Rxc4 Rc8 29.Qc2 Rxc4
30.Qxc4 Qb7 31.Nxe6 d5 32.Qd4 fxe6 33.exd5 exd5 34.Qe5 Kf7 35.Bd4 Qc8 36.Bf1 Qc1
37.a4 Bc6 38.Bb2 Qd2 39.Bc3 Qd1 40.f5 Bd7 41.Qe3 Bxf5 42.b5 axb5 43.axb5 Ne4  0-1

[Event "4th Beirut Open"]
[Site "Beirut LIB"]
[Date "2011.05.21"]
[Round "8.4"]
[White "Al Hadarani,H"]
[Black "Mohammad,Sam"]
[Result "1-0"]
[WhiteElo "2255"]
[BlackElo "2367"]

1.Nf3 c5 2.c4 Nf6 3.Nc3 d5 4.cxd5 Nxd5 5.e4 Nb4 6.d3 Bg4 7.Be2 e6 8.Be3 N8c6
9.a3 Na6 10.O-O Be7 11.Ne1 Bxe2 12.Qxe2 O-O 13.f4 Nd4 14.Qf2 Qd7 15.Rd1 Rfd8
16.Nf3 Nxf3+ 17.Qxf3 Nc7 18.Kh1 Nb5 19.Ne2 Bf8 20.g4 Rac8 21.f5 e5 22.g5 c4
23.dxc4 Qxd1 24.Rxd1 Rxd1+ 25.Ng1 Rd3 26.Qe2 Rxe3 27.Qxe3 Rxc4 28.Ne2 Nd4
29.Qd3  1-0

[Event "20th Croatian Cup"]
[Site "Sibenik CRO"]
[Date "2011.05.21"]
[Round "5.83"]
[White "Mihalinec,D"]
[Black "Vukoje,V"]
[Result "1/2-1/2"]
[WhiteElo "2202"]
[BlackElo "2397"]

1.c4 c5 2.Nc3 Nf6 3.Nf3 b6 4.g3 Bb7 5.Bg2 g6 6.O-O Bg7 7.d3 O-O 8.Bd2 d5
9.cxd5 Nxd5 10.Qb3 Nc7 11.a4 Bc6 12.Rfc1 Nd7 13.Qa3 a5 14.Nd1 e5 15.Ne3 Rb8
16.Nc4 h6 17.Rd1 Bd5 18.Rac1 Qe7 19.Bc3 Rfe8 20.Ne3 Ba8 21.Qa2 Kh7 22.b4 axb4
23.Bxb4 Ne6 24.Bc3 Nd4 25.Nh4 Bxg2 26.Nhxg2 Ra8 27.Nd5 Qd6 28.Bxd4 exd4 29.e4 dxe3
30.Ngxe3 Bd4 31.Rb1 Qc6 32.Qb3 Kg7 33.Nxb6 Nxb6 34.Qxb6 Qf3 35.Re1 Rxa4 36.Qb7 Qxb7
37.Rxb7 Ra3 38.Nf5+ Kf8 39.Rxe8+ Kxe8 40.Nd6+ Kd8 41.Nxf7+ Ke8 42.Nd6+ Kd8
43.Nf7+ Ke8 44.Nxh6 Rxd3 45.Ng4 c4 46.Rc7 c3 47.Kf1 Rd2 48.Ke1 Kd8 49.Rc4 Kd7
50.h4 Kd6 51.Ne3 Bxe3 52.fxe3 Rg2 53.Rxc3 Rxg3 54.Kf2 Rg4 55.Rd3+ Ke5 56.Rd4 Rxd4
57.exd4+ Kxd4 58.Kf3 Ke5 59.Kg4 Kf6  1/2-1/2

[Event "Serbian Cup 2011"]
[Site "Valjevo SRB"]
[Date "2011.05.22"]
[Round "7.7"]
[White "Milosevic,A"]
[Black "Nedeljkovic,Dr"]
[Result "1-0"]
[WhiteElo "2280"]
[BlackElo "2169"]

1.Nf3 Nf6 2.c4 c5 3.Nc3 e6 4.g3 b6 5.Bg2 Bb7 6.O-O Be7 7.Re1 O-O 8.e4 d6
9.d4 cxd4 10.Nxd4 Qc7 11.Ndb5 Qc6 12.b3 a6 13.Nd4 Qc7 14.Bb2 Nbd7 15.Rc1 Rac8
16.f4 Rfd8 17.g4 Qb8 18.g5 Ne8 19.Qg4 Nf8 20.f5 Rc5 21.h4 Nd7 22.fxe6 Ne5
23.exf7+ Nxf7 24.Nd5 Bf8 25.Nf5 Ne5 26.Nfe7+ Bxe7 27.Nxe7+ Kf7 28.Bxe5 Rxe5
29.Nd5 Bxd5 30.exd5 Qc7 31.Rxe5  1-0

[Event "84th ch-St Petersburg"]
[Site "St Petersburg RUS"]
[Date "2011.05.23"]
[Round "3"]
[White "Shimanov,A"]
[Black "Ionov,S"]
[Result "1/2-1/2"]
[WhiteElo "2583"]
[BlackElo "2559"]

1.c4 c5 2.Nf3 Nf6 3.Nc3 e6 4.d4 cxd4 5.Nxd4 a6 6.g3 Qc7 7.Bg2 Qxc4 8.O-O Nc6
9.Nb3 d5 10.Bf4 Be7 11.a3 a5 12.Rc1 Qa6 13.a4 O-O 14.Nb5 Qb6 15.Bc7 Qa6 16.Bf4 Qb6
17.Bc7 Qa6 18.Nc5 Bxc5 19.Rxc5 Ne8 20.Bf4 Bd7 21.e4 Qb6 22.Qc1 Nb4 23.Rd1 Bc6
24.Be3 Qd8 25.Nc3 Nc7 26.Qb1 Qe7 27.Nb5 Rfd8 28.h4 h6 29.e5 d4 30.Rxd4 Rxd4
31.Bxd4 Nxb5 32.axb5 Bxg2 33.Kxg2 Qd7 34.Qe4 Rd8 35.Bc3 Nd5 36.h5 Ra8 37.Be1 a4
38.Qc4 Nb6 39.Qc2 Nd5 40.Qc4 Qd8 41.Bd2 Nb6 42.Qe2 Rc8 43.Rxc8 Qxc8 44.Qe4 Nc4
45.Bc3 a3 46.bxa3 Nxa3 47.Qb4 Nxb5  1/2-1/2

[Event "1st Alimini Village Open"]
[Site "Alimini ITA"]
[Date "2011.05.24"]
[Round "4"]
[White "Prakken,G"]
[Black "Casadei,Mau"]
[Result "1-0"]
[WhiteElo "2212"]
[BlackElo "2174"]

1.Nf3 Nf6 2.c4 c5 3.Nc3 b6 4.g3 Bb7 5.Bg2 e6 6.O-O d6 7.b3 a6 8.Bb2 Be7 9.e3 O-O
10.d4 Nbd7 11.Qe2 Re8 12.Rfd1 Qc7 13.Rac1 Bf8 14.d5 exd5 15.Nxd5 Bxd5 16.cxd5 Qd8
17.Ne1 b5 18.Nd3 Nb6 19.Nf4 Qe7 20.Qd3 Nfd7 21.e4 Ne5 22.Qd2 Ra7 23.Nd3 Nxd3
24.Qxd3 Nd7 25.f4 Qd8 26.Re1 Qa5 27.Qc2 f6 28.Bh3 Kh8 29.Bf5 Qd8 30.Qd1 g6
31.Be6 Bg7 32.Kg2 Nf8 33.Bg4 Rae7 34.Bf3 Nd7 35.Qd2 Kg8 36.Re2 Kh8 37.Rce1 Nf8
38.h4 h5 39.f5 Kh7 40.Qd3 gxf5 41.e5 fxe5 42.Qxf5+ Kg8 43.Bxh5 Qc8 44.Qe4 Rd8
45.Bg4 Qc7 46.Bc1 Rb8 47.Rf1 Rf7 48.Ref2 Rxf2+ 49.Rxf2 Qb7 50.h5 Bh8 51.h6 Qe7
52.Bh5 Bf6 53.Qf5 Nh7 54.Bg6 Rf8 55.g4 Kh8 56.Bxh7 Qxh7 57.Bg5 Qxf5 58.Rxf5 Bxg5
59.Rxf8+ Kh7 60.Kf3 c4 61.bxc4 bxc4 62.Rc8  1-0

[Event "3rd Orissa Open"]
[Site "Bhubaneswar IND"]
[Date "2011.05.28"]
[Round "1"]
[White "Arjun,B"]
[Black "Kasparov,S"]
[Result "1/2-1/2"]
[WhiteElo "1910"]
[BlackElo "2493"]

1.Nf3 Nf6 2.c4 c5 3.Nc3 b6 4.g3 Bb7 5.Bg2 e6 6.O-O d6 7.Re1 Be7 8.e4 Nbd7
9.d4 cxd4 10.Nxd4 Qc7 11.Be3 Rc8 12.Rc1 Qb8 13.b3 a6 14.f4 O-O 15.Bf2 Qa8
16.Rc2 Rfe8 17.h3 g6 18.Nf3 Nc5 19.Rce2 Red8 20.Qb1 b5 21.cxb5 axb5 22.b4 Na4
23.Nxb5 Ba6 24.e5 dxe5 25.Nxe5 Bb7 26.Bxb7 Qxb7 27.Nxf7 Kxf7 28.Qb3 Rd4 29.Rxe6 Qxb5
30.Rxe7+ Kf8 31.R7e6 Rc3 32.Rxf6+ Kg7 33.Rb6 Rxb3 34.Rxb5  1/2-1/2

[Event "3rd Kahraman Olgac Memorial"]
[Site "Izmir TUR"]
[Date "2011.05.28"]
[Round "10.1.2"]
[White "Yakovich,Yur"]
[Black "Kanmazalp,O"]
[Result "1-0"]
[WhiteElo "2537"]
[BlackElo "2404"]

1.c4 c5 2.Nf3 Nf6 3.Nc3 b6 4.e4 d6 5.d4 cxd4 6.Nxd4 Bb7 7.f3 e6 8.Be2 Be7
9.O-O O-O 10.Be3 a6 11.Qd2 Qc7 12.Rac1 Nbd7 13.b4 Rac8 14.a3 Qb8 15.Kh1 Rfe8
16.Bg1 Bd8 17.Rc2 Bc7 18.Rb1 Kh8 19.Na4 Qa8 20.Qc1 e5 21.Nf5 Nxe4 22.fxe4 Bxe4
23.Ne3 g6 24.Nc3 Bxc2 25.Qxc2 f5 26.Ned5 Bd8 27.Qd2 Qb7 28.Rd1 Kg8 29.h3 Rb8
30.Kh2 Nf8 31.Na4 Ne6 32.Naxb6 Bg5 33.Qa2 Qf7 34.c5 dxc5 35.bxc5 e4 36.Bc4 Rbd8
37.c6 Kg7 38.Qc2 Kh6 39.Bb3 e3 40.h4 Bxh4 41.Bxe3+ g5 42.g3 Qh5 43.Qxf5 Bxg3+
44.Kxg3 Qh4+ 45.Kg2  1-0

[Event "3rd Kahraman Olgac Memorial"]
[Site "Izmir TUR"]
[Date "2011.05.28"]
[Round "10.1.1"]
[White "Ivanov,Jo"]
[Black "Yilmaz,M"]
[Result "1/2-1/2"]
[WhiteElo "2436"]
[BlackElo "2489"]

1.Nf3 Nf6 2.c4 e6 3.Nc3 c5 4.e3 d5 5.d4 Nc6 6.a3 cxd4 7.exd4 Be7 8.Bd3 dxc4
9.Bxc4 O-O 10.O-O Nd5 11.Re1 Nxc3 12.bxc3 Bf6 13.Bd3 Ne7 14.Bg5 Ng6 15.Bxf6 Qxf6
16.Ne5 Nh4 17.Re3 Nf5 18.Rh3 g6 19.Qd2 Qg7 20.Re1 f6 21.Nc4  1/2-1/2

[Event "Portuguese Cup Final"]
[Site "Matosinhos POR"]
[Date "2011.05.28"]
[Round "1.4"]
[White "Duarte,Af"]
[Black "Rodrigues,JoseAA"]
[Result "0-1"]
[WhiteElo "1458"]
[BlackElo "2092"]

1.c4 c5 2.Nc3 Nf6 3.Nf3 d5 4.cxd5 Nxd5 5.g3 Nc6 6.Bg2 Nc7 7.O-O e5 8.d3 Be7
9.a3 O-O 10.Qc2 Bg4 11.Be3 Ne6 12.Ne4 Rc8 13.Rac1 Kh8 14.Qd1 b6 15.Ned2 Ned4
16.Bxd4 exd4 17.Rc2 Be6 18.Qc1 Bd5 19.Nc4 f5 20.Re1 b5 21.Ncd2 f4 22.Rxc5 Bxc5
23.Qxc5 fxg3 24.hxg3 Ne5 25.Qxd4 Bxf3 26.Qxe5 Bxg2 27.Kxg2 Qb6 28.Ne4 Rc2
29.Qe7 Qd8 30.Qb4 a6 31.Qb3 Rc6 32.Qb4 Rh6 33.Qc5 Qc8 34.Kg1 Rc6 35.Qh5 Rf5
36.Qg4 Rg6 37.Qh3 Rh6 38.Qg4 Qf8 39.f3 Rfh5 40.Kf2 Qd8 41.Qf4 Qd4+ 42.e3 Rh2+
43.Kg1 Rh1+  0-1

[Event "TCh-FRA Top 12 2011"]
[Site "Mulhouse FRA"]
[Date "2011.05.28"]
[Round "3.1"]
[White "Meier,Geo"]
[Black "Iordachescu,V"]
[Result "1-0"]
[WhiteElo "2650"]
[BlackElo "2640"]

1.Nf3 Nf6 2.c4 c5 3.Nc3 e6 4.g3 b6 5.Bg2 Bb7 6.O-O Be7 7.d4 cxd4 8.Qxd4 d6
9.Bg5 a6 10.Bxf6 Bxf6 11.Qf4 O-O 12.Rad1 Be7 13.Ne4 Bxe4 14.Qxe4 Ra7 15.Nd4 Rc7
16.b3 Rc5 17.a4 Qc7 18.Rd2 Kh8 19.Qb1 Nd7 20.Rfd1 Nf6 21.e3 Qc8 22.Rc2 Rc7
23.Rdd2 h6 24.h3 Rd8 25.Kh2 Bf8 26.Qh1 Re8 27.Nc6 h5 28.b4 h4 29.g4 b5 30.cxb5 d5
31.Qa1 axb5 32.axb5 Qb7 33.Qa6 Ra8 34.Qxb7 Rxb7 35.Ra2 Bd6+ 36.Kg1 Rxa2 37.Rxa2 Rxb5
38.Ra7 Rb6 39.Nd8 Kg8 40.g5 Ne4 41.Bxe4 dxe4 42.Nxf7 Bb8 43.Rd7 Kh7 44.Nd8 Rxb4
45.Nxe6 Be5 46.Rd5 Bb8 47.Rd7 Be5 48.Nf8+ Kg8 49.Ng6 Rb5 50.Nxh4 Bc3 51.g6 Bf6
52.Ra7 Kf8 53.Ng2 Rb1+ 54.Kh2 Be5+ 55.Nf4 Rb6 56.Rf7+ Ke8 57.Rf5 Bb8 58.Rg5 Ke7
59.Rg4 Kf6 60.Kg2 Kf5 61.Nh5 Be5 62.Ng3+ Bxg3 63.Kxg3 Rb1 64.Rf4+ Ke5 65.Kg4 Rg1+
66.Kh5 Rg2 67.h4 Kd5  1-0

[Event "Orlova Open"]
[Site "Orlova CZE"]
[Date "2011.05.28"]
[Round "8.10"]
[White "Weissmann,L"]
[Black "Didi,J"]
[Result "1/2-1/2"]
[WhiteElo "2149"]
[BlackElo "2031"]

1.c4 c5 2.Nc3 Nf6 3.Nf3 d5 4.cxd5 Nxd5 5.e4 Nb4 6.Bc4 Nd3+ 7.Ke2 Nxc1+ 8.Rxc1 Nc6
9.Bb5 Bg4 10.h3 Bxf3+ 11.Kxf3 Rc8 12.Re1 e6 13.g3 Be7 14.Ne2  1/2-1/2

[Event "Chicago Open"]
[Site "Wheeling USA"]
[Date "2011.05.28"]
[Round "4"]
[White "Jones,Cr"]
[Black "Hungaski,R"]
[Result "1/2-1/2"]
[WhiteElo "2244"]
[BlackElo "2452"]

1.Nf3 Nf6 2.c4 e6 3.Nc3 c5 4.e3 d5 5.d4 Nc6 6.cxd5 exd5 7.Bb5 a6 8.Bxc6+ bxc6
9.O-O Be6 10.h3 Bd6 11.dxc5 Bxc5 12.b3 O-O 13.Na4 Bd6 14.Bb2 c5 15.Rc1 Ne4
16.Nd2 Rc8 17.Nxe4 dxe4 18.Qh5 c4 19.Rfd1 f6 20.bxc4 Qe7 21.Nb6 Rcd8 22.Nd5 Qb7
23.Ba1 Qc6 24.g3 Ba3 25.Bb2 Bc5 26.Rd2 Rc8 27.Qh4 Rf7 28.Rcd1 Bf8 29.Rd4 Bf5
30.Qh5 Bg6 31.Qe2 Rb7 32.Nf4 Bf7 33.Nd5 Qa4 34.Nxf6+ Kh8 35.Ba1 gxf6 36.Qg4 Rcb8
37.Rd8 Bg6 38.Bxf6+ Kg8 39.Qe6+ Rf7 40.R1d5 Rxd8 41.Rxd8 Qb4 42.Rc8 h6 43.Bc3 Qxc3
44.Qxg6+ Qg7 45.Qxa6 Qa1+ 46.Kg2 Rf6 47.Rc6 Rxf2+ 48.Kxf2 Qb2+ 49.Kf1 Qc1+
50.Kf2 Qd2+ 51.Kf1 Qd1+ 52.Kg2 Qe2+ 53.Kh1 Qf3+ 54.Kh2  1/2-1/2

[Event "e2e4 Sunningdale Open"]
[Site "Ascot ENG"]
[Date "2011.05.29"]
[Round "5"]
[White "Stewart,Ashley"]
[Black "Haria,R"]
[Result "1-0"]
[WhiteElo "1977"]
[BlackElo "2052"]

1.c4 Nf6 2.Nf3 c5 3.Nc3 d5 4.cxd5 Nxd5 5.g3 Nc6 6.Bg2 Nc7 7.O-O e5 8.d3 Be7
9.Nd2 Bd7 10.Nc4 f6 11.f4 b5 12.Ne3 exf4 13.gxf4 O-O 14.Ncd5 Rc8 15.Nxc7 Qxc7
16.Nd5 Qd6 17.e4 Be6 18.a3 Bxd5 19.exd5 Nd4 20.f5 Qc7 21.Be3 Bd6 22.h3 Rfe8
23.Bxd4 cxd4 24.Rc1 Qe7 25.Rxc8 Qe3+ 26.Kh1 Rxc8 27.Qe1 Bg3 28.Qd1 Be5 29.Qf3 Qxf3
30.Bxf3 Rc2 31.b3 Kf8 32.Be4 Ke7 33.Ra1 a5 34.a4 b4 35.Rb1 Bf4 36.Kg1 Kd6
37.Bg2 Be3+ 38.Kh1 Ke5 39.Be4 Kf4 40.Rf1+ Kg5 41.d6 Bf4 42.h4+ Kg4 43.d7 Bc7
44.Rg1+ Kh3 45.Rxg7 Rc1+ 46.Rg1 Rc3 47.Rg8 Rxb3 48.Bg2+ Kxh4 49.Bd5 Rb1+
50.Kg2 b3 51.Bxb3 Rxb3 52.Rc8 Bb6 53.Rb8 Rb2+ 54.Kf3 Rb4 55.Rxb6 Rxb6 56.d8=Q Rb4
57.Qxf6+ Kh5 58.Kf4 h6 59.Qg6+  1-0

[Event "3rd Orissa Open"]
[Site "Bhubaneswar IND"]
[Date "2011.05.29"]
[Round "2"]
[White "Shaikh,N"]
[Black "Lalith,B"]
[Result "0-1"]
[WhiteElo "2217"]
[BlackElo "2491"]

1.Nf3 Nf6 2.c4 c5 3.Nc3 g6 4.g3 b6 5.Bg2 Bb7 6.O-O Bg7 7.d3 O-O 8.e4 d6 9.Be3 Nc6
10.h3 e6 11.Rc1 Rc8 12.b3 Ne7 13.Nd2 Bc6 14.d4 d5 15.e5 cxd4 16.Bxd4 Nd7
17.cxd5 exd5 18.f4 Nc5 19.Nf3 Bb7 20.b4 Ne4 21.Kh2 Nf5 22.g4 Nxd4 23.Qxd4 Rc4
24.Qd3 Nxc3 25.Rxc3 Rxf4 26.a3 d4 27.Rcc1 Qb8 28.Rce1 Bxf3 29.Bxf3 Bxe5 30.Kg2 Rc8
31.Rf2 Rf6 32.Rfe2 Rc3 33.Qb5 Rfxf3 34.Rxe5 Rg3+ 35.Kh1 Rxh3+ 36.Kg1 Rce3
37.Re8+ Qxe8 38.Qxe8+ Rxe8 39.Rxe8+ Kg7 40.Rd8 Rxa3 41.Rxd4 Ra4 42.Rd7 Rxb4
43.Rxa7 Rxg4+ 44.Kf2 b5 45.Rb7 Rf4+ 46.Kg3 Rf5 47.Rb6 h5 48.Kh3 Rc5 49.Kg3 Rc3+
50.Kf4 Rc4+ 51.Kg3 b4 52.Kg2 f5 53.Kf3 h4 54.Rb8 Kh6 55.Kg2 Kh5 56.Kh3 Rc3+
57.Kh2 b3 58.Rb4 g5 59.Rb5 Rc2+ 60.Kg1 b2  0-1

[Event "Nis Open 2011"]
[Site "Nis SRB"]
[Date "2011.06.01"]
[Round "8.7"]
[White "Velickovski Nejkovic,M"]
[Black "Mladenovic,St"]
[Result "1/2-1/2"]
[WhiteElo "2188"]
[BlackElo "2124"]

1.c4 c5 2.Nf3 Nf6 3.Nc3 e6 4.d3 b6 5.Bf4 Bb7 6.Nb5 d6 7.e4 a6 8.Nc3 Be7 9.Be2 O-O
10.Qc2 Nc6 11.a3 d5 12.O-O Qd7 13.Na4 Bd8 14.cxd5 exd5 15.e5 Ne8 16.b4 Qf5
17.Qd2 cxb4 18.d4 bxa3 19.Bd3 Qd7 20.Rxa3 Na5 21.Rb1 Qe7 22.Bxh7+ Kxh7 23.Ng5+ Kg8
24.Qd3 f5 25.Nxb6 Bxb6 26.Rxb6 Nc4 27.Qh3 Nf6 28.Re3 Nxe3 29.fxe3 Rfc8 30.exf6 gxf6
31.Qh6 Bc6 32.Nh7 Qg7 33.Qh4 Kf7 34.Nxf6 Qxf6 35.Qh7+ Ke8 36.Qg8+ Kd7 37.Qh7+ Ke8
38.Qg8+ Qf8 39.Qe6+ Qe7 40.Qxf5 a5 41.Qh5+ Qf7 42.Qh8+ Kd7 43.Qh3+ Ke8 44.Qh6 Qf8
45.Qe6+ Qe7 46.Qg6+ Qf7 47.Qh6 Qf8 48.Qe6+  1/2-1/2

[Event "IV Sudety Open"]
[Site "Szklarska Poreba POL"]
[Date "2011.06.01"]
[Round "5"]
[White "Lada,I"]
[Black "Zeberski,J"]
[Result "0-1"]
[WhiteElo "2058"]
[BlackElo "2395"]

1.c4 c5 2.Nf3 Nf6 3.Nc3 e6 4.g3 b6 5.Bg2 Bb7 6.O-O d6 7.d3 Be7 8.e4 O-O 9.Ne1 Nc6
10.Nc2 Nd7 11.Be3 Bf6 12.Qd2 a6 13.Rad1 Nd4 14.Bxd4 Bxd4 15.Nxd4 cxd4 16.Ne2 e5
17.f4 b5 18.b3 bxc4 19.bxc4 Bc6 20.Rb1 Rb8 21.Rxb8 Qxb8 22.fxe5 dxe5 23.Qa5 Qb6
24.Qxb6 Nxb6 25.Rb1 Rb8 26.Nc1 Kf8 27.Bf1 Ke7 28.Be2 Kd6 29.Bd1 Nd7 30.Rxb8 Nxb8
31.Kf2 Nd7 32.Ke2 Nc5 33.Bc2 g6 34.g4 f6 35.a3 Bd7 36.Kf3 Ne6 37.h4 Nd8 38.Nb3 Nf7
39.Kg3 Nh6 40.g5 fxg5 41.hxg5 Nf7 42.Kh4 Nd8 43.Na5 Ne6 44.Nb7+ Kc7 45.Na5 Kb6
46.Nb3 Nf4 47.Nd2 Kc5 48.Nf3 Kd6 49.c5+ Kxc5 50.Nxe5 Bb5 51.Kg4 Ng2 52.Bb3 Ne1
53.Bg8 Nxd3 54.Nxd3+ Bxd3 55.Kf4 Bc4 56.Bxh7 Bf7 57.e5 Kc4 58.e6 Be8 59.Bg8 d3
60.Ke3 Kc3 61.Bf7 d2  0-1

[Event "TCh-BUL GpA Men"]
[Site "Albena BUL"]
[Date "2011.06.03"]
[Round "2.3"]
[White "Shukin,E"]
[Black "Arnaudov,G"]
[Result "1/2-1/2"]
[WhiteElo "2236"]
[BlackElo "2449"]

1.Nf3 Nf6 2.c4 e6 3.Nc3 c5 4.d4 cxd4 5.Nxd4 Bb4 6.Nb5 Nc6 7.a3 Bxc3+ 8.Nxc3 d5
9.cxd5 exd5 10.Bg5 d4 11.Ne4 Qa5+ 12.b4 Qe5 13.Nxf6+ gxf6 14.Bh6 a5 15.b5 Qxb5
16.e4 Qc5 17.Qc1 Qxc1+ 18.Rxc1 Rg8 19.Bf4 Ke7 20.Bg3 Bd7 21.Bb5 Ne5 22.Rb1 Rad8
23.O-O Bc6 24.f3 h5 25.Kh1 Rd7 26.Rfd1 Bxb5 27.Rxb5 Nc4 28.Bf2 Rc8 29.Rxd4 Nxa3
30.Rxd7+ Kxd7 31.Rxb7+ Rc7 32.Rb3 Rc1+ 33.Bg1 Nc4 34.h4 Kc6 35.Kh2 Rc2 36.Bd4 a4
37.Rb8 a3 38.Bxf6 a2 39.Ra8 Ne3 40.Rc8+ Kd6 41.Rxc2 Nxc2 42.g4 Ke6 43.Bb2 hxg4
44.fxg4 a1=Q 45.Bxa1 Nxa1 46.g5 Nb3 47.Kg3 Nc5 48.Kf4 Nd3+ 49.Ke3 Ne5 50.h5 Nd7
51.Kf4 Nc5 52.Ke3 Nd7 53.Kf4 Nf8 54.g6  1/2-1/2

[Event "TCh-BUL GpA Men"]
[Site "Albena BUL"]
[Date "2011.06.04"]
[Round "3.4"]
[White "Petkov,V"]
[Black "Vasilev,M"]
[Result "1/2-1/2"]
[WhiteElo "2517"]
[BlackElo "2474"]

1.Nf3 Nf6 2.c4 c5 3.Nc3 g6 4.g3 Bg7 5.Bg2 O-O 6.O-O Nc6 7.d4 cxd4 8.Nxd4 Qb6
9.Nc2 d6 10.b3 Be6 11.Be3 Qa5 12.Bd2 Qb6 13.Be3 Qa5 14.Bd2 Qb6 15.Be3  1/2-1/2

[Event "3rd Orissa Open"]
[Site "Bhubaneswar IND"]
[Date "2011.06.04"]
[Round "9"]
[White "Deshmukh,A"]
[Black "Konguvel,P"]
[Result "0-1"]
[WhiteElo "2283"]
[BlackElo "2402"]

1.c4 Nf6 2.Nc3 c5 3.Nf3 e6 4.e4 Nc6 5.g3 d5 6.e5 Ne4 7.cxd5 exd5 8.Bb5 Be7
9.Qa4 Nxc3 10.dxc3 O-O 11.O-O Bd7 12.Rd1 d4 13.cxd4 a6 14.Bxc6 Bxc6 15.Qb3 c4
16.Qe3 Qd5 17.Kg2  0-1

[Event "TCh-BUL GpA Men"]
[Site "Albena BUL"]
[Date "2011.06.05"]
[Round "4.1"]
[White "Tsvetkov,I"]
[Black "Stefanov,K"]
[Result "1-0"]
[WhiteElo "2363"]
[BlackElo "2397"]

1.c4 c5 2.Nf3 Nf6 3.Nc3 e6 4.g3 b6 5.Bg2 Bb7 6.O-O Be7 7.Re1 d6 8.e4 Nbd7
9.d4 cxd4 10.Nxd4 Qb8 11.Be3 O-O 12.f4 a6 13.Rc1 Re8 14.Bf2 Rc8 15.b3 Bf8
16.f5 e5 17.Nc2 g6 18.Nb4 Qc7 19.Bh3 g5 20.Qd2 h6 21.Ncd5 Qd8 22.Qe3 Rab8
23.Red1 b5 24.Bf1 Ng4 25.Qf3 Nxf2 26.Qxf2 a5 27.Nc2 Nc5 28.Qf3 Bxd5 29.Rxd5 bxc4
30.Bxc4 Nd7 31.Ne3 Nf6 32.Rdd1 h5 33.Nd5 Nxd5 34.Bxd5 Qb6+ 35.Qf2 Qxf2+ 36.Kxf2 Be7
37.Ke2 Kf8 38.h3 Bf6 39.Rc4 Rc5 40.Rxc5 dxc5 41.Rc1 Be7 42.f6 Bxf6 43.Rxc5 Bd8
44.Bc4 f6 45.Rc6 Ke7 46.Re6+ Kd7 47.Ra6 Bb6 48.a3 Kc7 49.b4 axb4 50.axb4 Rd8
51.b5 Rd4 52.Bd3 Rb4 53.Ra2 Kd6 54.Kd2 Rd4 55.Kc3 Kd7 56.Ra8 Rd6 57.Rh8 Bf2
58.g4 hxg4 59.hxg4 Kc7 60.Bc4 Kb6 61.Rb8+ Kc5 62.Rc8+ Kb6 63.Kb3 Be3 64.Ka4 Kb7
65.Rf8 Bc5 66.Bd5+ Kc7 67.Rf7+ Kd8 68.Ka5 Kc8 69.Bb7+  1-0

[Event "38th OKU 2011"]
[Site "Utrecht NED"]
[Date "2011.06.05"]
[Round "5.15"]
[White "Cornelisse,J"]
[Black "Cebula,Jerzy"]
[Result "0-1"]
[WhiteElo "2210"]
[BlackElo "1991"]

1.c4 Nf6 2.Nf3 g6 3.Nc3 c5 4.e4 d6 5.d4 cxd4 6.Nxd4 Bg7 7.Be2 O-O 8.O-O a6
9.Be3 Bd7 10.h3 Nc6 11.Nf3 Rc8 12.Rc1 Na5 13.b3 Rb8 14.e5 dxe5 15.Nxe5 Nc6
16.Nf3 Bf5 17.Qxd8 Rfxd8 18.Bb6 Rd7 19.g4 Bd3 20.Rfd1 Bxe2 21.Nxe2 h6 22.Nf4 e6
23.Kf1 Re8 24.Ke2 g5 25.Ng2 Ree7 26.Nd4 Nxd4+ 27.Bxd4 Ne4 28.Bxg7 Kxg7 29.Ke3 f5
30.f3 Nf6 31.Rd3 f4+ 32.Ke2 e5 33.Rcd1 Rxd3 34.Rxd3 e4 35.fxe4 Nxe4 36.Kf3 Kf7
37.b4 Ng3 38.c5 Ne4 39.a4 a5 40.Rd4 Nf6 41.h4 axb4 42.Rxb4 Nd7 43.Rxb7 Ne5+
44.Ke4 Rxb7 45.Kxe5 Rb2  0-1

[Event "TCh-BUL GpA Men"]
[Site "Albena BUL"]
[Date "2011.06.08"]
[Round "7.4"]
[White "Shukin,E"]
[Black "Velikov,P"]
[Result "1/2-1/2"]
[WhiteElo "2236"]
[BlackElo "2414"]

1.Nf3 c5 2.c4 Nf6 3.Nc3 e6 4.d4 cxd4 5.Nxd4 a6 6.a3 Qc7 7.e4 d6 8.Be2 Nbd7
9.O-O b6 10.f4 Bb7 11.f5 e5 12.Ne6 fxe6 13.fxe6 Nc5 14.Nd5 Bxd5 15.exd5 Be7
16.b4 Nce4 17.Bd3 O-O 18.Qe2 b5 19.Bxe4 Qxc4 20.Qxc4 bxc4 21.Bg5 Rac8 22.Rac1 Bd8
23.Bxf6 Bb6+ 24.Kh1 Rxf6 25.Rxf6 gxf6 26.Bd3 c3 27.Bxa6 Ra8 28.Bb5 Kf8 29.Rxc3 Ke7
30.g4 h6  1/2-1/2

[Event "20th ICSC TCh-EUR Club"]
[Site "Liverpool ENG"]
[Date "2011.06.09"]
[Round "1"]
[White "Strzelecki,J"]
[Black "Bozinovic,Bog"]
[Result "1/2-1/2"]
[WhiteElo "2155"]
[BlackElo "2223"]

1.Nf3 c5 2.c4 Nf6 3.Nc3 e6 4.e4 d6 5.d4 cxd4 6.Nxd4 a6 7.Be2 Qc7 8.Be3 b6
9.O-O Bb7 10.f3 Nbd7 11.Qd2 Be7 12.Rfc1 O-O 13.a4 Qb8 14.Nb3 Nc5 15.Nxc5 bxc5
16.Rab1 Bc6 17.b3 Ra7 18.Qc2 Bb7 19.f4 Qc7 20.Bf3 Nd7 21.Rd1 Rb8 22.Bd2 Bf6  1/2-1/2

[Event "28th BSG Pinkstertoernooi"]
[Site "Bussum NED"]
[Date "2011.06.12"]
[Round "5"]
[White "Straat,E jr"]
[Black "Haver,Daan"]
[Result "1/2-1/2"]
[WhiteElo "2103"]
[BlackElo "1854"]

1.Nf3 c5 2.c4 Nf6 3.Nc3 e6 4.g3 b6 5.Bg2 Bb7 6.O-O d6 7.d4 cxd4 8.Qxd4 Nc6
9.Qf4 Qd7 10.Rd1 Be7 11.b3 O-O 12.Ba3 Rfd8 13.Ng5 h6 14.Nge4 Nxe4 15.Bxe4 e5
16.Qd2 Nd4 17.Nd5 Bg5 18.Qd3 f5 19.Bg2 Nc6 20.h4 e4 21.Qc3 Be7 22.Bh3 Bf8
23.Bb2 Qf7 24.Qe3 Re8 25.Qf4 Bc8 26.Ne3 Ne7 27.Rxd6 Ng6 28.Rxg6 Qxg6 29.Nxf5 Bxf5
30.Bxf5 Qd6 31.Qg4 e3 32.f4 Kh8 33.Be5  1/2-1/2

[Event "TCh-SLO"]
[Site "Lasko SLO"]
[Date "2011.06.12"]
[Round "9"]
[White "Ruck,R1"]
[Black "Markus,Rob"]
[Result "1/2-1/2"]
[WhiteElo "2562"]
[BlackElo "2629"]

1.c4 Nf6 2.Nc3 c5 3.Nf3 e6 4.g3 b6 5.Bg2 Bb7 6.O-O Be7 7.b3 O-O 8.Bb2 Nc6
9.d4 Nxd4 10.Nxd4 Bxg2 11.Kxg2 cxd4 12.Qxd4 Qc7 13.Qd3 Rfd8 14.Rfd1 d5 15.cxd5 Nxd5
16.Nxd5 Rxd5 17.Qe4 Rxd1 18.Rxd1 Rd8 19.Rxd8+ Qxd8 20.Qb7 a5 21.Be5 Bc5 22.Bc7 Qd5+
23.Qxd5 exd5 24.Kf3 f6 25.a3 Kf7 26.b4 axb4 27.axb4 Bxb4 28.Bxb6 Ke6 29.e4 dxe4+
30.Kxe4 Bd6 31.Be3  1/2-1/2

[Event "Integra NSW Open"]
[Site "Parramatta AUS"]
[Date "2011.06.12"]
[Round "5"]
[White "Papantoniou,J"]
[Black "Ikeda,J"]
[Result "0-1"]
[WhiteElo "2048"]
[BlackElo "2315"]

1.c4 c5 2.Nf3 Nf6 3.Nc3 e6 4.e3 d5 5.d4 Nc6 6.cxd5 exd5 7.Bb5 a6 8.Bxc6+ bxc6
9.Ne5 Qc7 10.Qa4 Bb7 11.O-O Bd6 12.f4 O-O 13.Bd2 Rac8 14.a3 Qb6 15.Rab1 Rfe8
16.Kh1 Re7 17.Rfe1 Ra8 18.Qc2 Qc7 19.b4 c4 20.Rf1 Bc8 21.h3 Nh5 22.Rf3 g6
23.g4 Nf6 24.Be1 Ne8 25.Bg3 f6 26.Rbf1 Rg7 27.Qf2 Kh8 28.e4 dxe4 29.Nxe4 Be6
30.Nc3 fxe5 31.dxe5 Qf7 32.f5 gxf5 33.gxf5 Bd5 34.Nxd5 Qxd5 35.exd6 Nf6 36.Kh2 Re8
37.Qc5 Re2+ 38.R3f2 Qf3 39.Rg1 Rxg3  0-1

[Event "Voronezh Master Open"]
[Site "Voronezh RUS"]
[Date "2011.06.12"]
[Round "1.6"]
[White "Vakhlamov,I"]
[Black "Dvoirys,S"]
[Result "1/2-1/2"]
[WhiteElo "2315"]
[BlackElo "2569"]

1.Nf3 c5 2.c4 Nf6 3.Nc3 e6 4.g3 b6 5.Bg2 Bb7 6.O-O Be7 7.d4 cxd4 8.Qxd4 d6
9.Bg5 O-O 10.Bxf6 Bxf6 11.Qf4 Nd7 12.Qxd6 Bxf3 13.exf3 Bxc3 14.bxc3 Nc5 15.Rfd1 Qxd6
16.Rxd6 Rfd8 17.Rad1 Rxd6 18.Rxd6 Rc8 19.f4 Kf8 20.Kf1 Na4 21.Rd7 a5 22.f5 Rxc4
23.fxe6 fxe6 24.Bh3 Rc6 25.c4 Nc3 26.a3 Nb1 27.Rd3 Ke7 28.Ke2 a4 29.Re3 b5
30.cxb5 Nc3+ 31.Kd3 Nxb5 32.Re4 Nxa3 33.Rxa4 Nc4  1/2-1/2

[Event "Voronezh Master Open"]
[Site "Voronezh RUS"]
[Date "2011.06.13"]
[Round "2.32"]
[White "Derbenev,A"]
[Black "Avdeeva,Ve"]
[Result "1/2-1/2"]
[WhiteElo "2335"]
[BlackElo "2145"]

1.c4 c5 2.Nc3 Nf6 3.Nf3 d5 4.cxd5 Nxd5 5.g3 Nc6 6.Bg2 Nc7 7.O-O e5 8.d3 Be7
9.Nd2 Bd7 10.Nc4 f6 11.f4 b5 12.Ne3 exf4 13.gxf4 O-O 14.Ned5 Rb8 15.Nxc7 Qxc7
16.a4 b4 17.Nd5 Qd6 18.e4 Be6 19.Be3 Nd4 20.Rc1 Rbc8 21.Bxd4 cxd4 22.Qh5 f5
23.e5 Qd7 24.Nxe7+ Qxe7 25.Qf3 Qd7 26.Qb7 Qxa4 27.Bd5 Bxd5 28.Qxd5+ Kh8 29.Qxd4 Rcd8
30.Qe3 Qb3 31.Rcd1 Rfe8 32.Rd2 Re6 33.Rf3 a5 34.d4 Qxe3+ 35.Rxe3 Rd5 36.Rc2 g5
37.Rh3 Re7 38.Rh5 gxf4 39.Rc4 Red7 40.e6 Re7 41.Rg5 h6 42.Rg2 Rd6 43.Kf2 Rdxe6
44.Kf3 Re4 45.Rg6 Kh7 46.Ra6 Rd7 47.Rcc6 Rexd4 48.Rxh6+ Kg7 49.Rhg6+ Kh7
50.Rh6+ Kg7 51.Rhg6+ Kh7 52.Rgf6 Rd3+ 53.Kxf4 Rh3 54.Rxa5 Rxh2 55.b3 Rh3
56.Rfxf5 Rxb3 57.Rh5+ Kg7 58.Rag5+ Kf8 59.Rh8+ Ke7 60.Ke4 Kd6 61.Rh6+ Kc7
62.Rc5+ Kb7 63.Rb5+ Ka7 64.Ra5+  1/2-1/2